LIBRARY & INFORMATION CENTRE, KCAET, TAVANUR

ONLINE PUBLIC ACCESS CATALOGUE (OPAC)

Practical study of the Kerala service rules / (Record no. 8117)

MARC details
000 -LEADER
fixed length control field 00482cam a2200193ua 4500
041 ## - LANGUAGE CODE
Language code of text/sound track or separate title eng
082 ## - DEWEY DECIMAL CLASSIFICATION NUMBER
Classification number 028.70335
Item number SAI/PR
100 ## - MAIN ENTRY--AUTHOR NAME
Personal name Sait, M A .
245 ## - TITLE STATEMENT
Title Practical study of the Kerala service rules /
250 ## - EDITION STATEMENT
Edition statement 13 /
260 ## - PUBLICATION, DISTRIBUTION, ETC. (IMPRINT)
Place of publication Trivandrum :
Name of publisher R Sadasiva panicker ,
Year of publication 1986.
300 ## - PHYSICAL DESCRIPTION
Number of Pages 345 ; .
500 ## - GENERAL NOTE
General note **Reference
942 ## - ADDED ENTRY ELEMENTS (KOHA)
Koha item type Books
Holdings
Withdrawn status Lost status Damaged status Home library Current library Date acquired Full call number Accession Number Koha item type
      KAUAET KAUAET 31/10/2022 028.70335 SAI/PR 17783 Books
free website counter